Click to Translate - Thai - Statistics

General Stats
  • This quiz has been taken 1,575 times
  • The average score is 14 of 20
Answer Stats
Hint Answer % Correct
Thank you ขอขอบคุณ (K̄hx k̄hxbkhuṇ)
83%
Water น้ำ (N̂ả)
75%
Ten สิบ (S̄ib)
72%
Flower ดอกไม้ (Dxkmị̂)
71%
Thailand ประเทศไทย (Pratheṣ̄thịy)
71%
School โรงเรียน (Rongreīyn)
70%
White สีขาว (S̄ī k̄hāw)
70%
Sea ทะเล (Thale)
70%
Dog หมา (H̄mā)
69%
Me ผม (P̄hm)
69%
Pineapple สัปปะรด (S̄ạpparod)
69%
Welcome ยินดีต้อนรับ (Yindī t̂xnrạb)
69%
Hand มือ (Mụ̄x)
67%
Restaurant ร้านอาหาร (R̂ān xāh̄ār)
67%
Bank ธนาคาร (Ṭhnākhār)
67%
Hotel โรงแรม (Rongræm)
66%
Library ห้องสมุด (H̄̂xngs̄mud)
64%
Mountain ภูเขา (P̣hūk̄heā)
64%
Train รถไฟ (Rt̄hfị)
64%
Summer ฤดูร้อน (Vdū r̂xn)
62%
No matching quizzes found
Score Distribution
Percent of People with Each Score
Percentile by Number Answered
Your Score History
You have not taken this quiz